000 01061nam a22002777a 4500
001 7413
003 FISKH
005 20250714104837.0
008 250714b cb ||||| |||| 00| 0 eng d
040 _aFISKH
_beng
_cFISKH
_dFISKH 823.914
050 _aPZ7
082 _a 823.914
100 _aAmery, Heather
245 _aThe silly Sheepdog /
_cHeather Amery ; Illustrated by Stephen Cartwright
260 _aLondon :
_bUsborne Publishing,
_c1992.
300 _a16 pages :
_bcolor illustrations ;
_c19 cm
490 _aUsborne Farmyard Tales
505 _aJ
520 _a Each page has two reading levels, one for beginners and one for more advanced readers-- Beginners can use the first reading level to achieve the satisfaction of reading the whole book by themselves-- Stephen Cartwright's illustrations give clues to the words and their meanings
521 8 _a440
_bLexile
521 8 _aJ
_bRaz-Plus
650 _aDogs
_vFiction
_xUsborne
700 _aCartwright, Stephen
_eillustrator
942 _2ddc
_cBK
_n0
999 _c7413
_d7413